000 00430nam a22001697a 4500
003 MPLRDC
005 20220104144305.0
008 210129b ||||| |||| 00| 0 eng d
082 _a859.6 BX-2 v.4
100 _a陈元山改编, 邹越非, 留信绘画
245 _a汉种离
_c
260 _a
_b上海人民美术出版社
_c
300 _b
490 _a八仙的故事之四
650 _a
942 _cBK
_o859.6 BX-2 v.4
999 _c48184
_d48174